PRACTICAL MANUAL OF BIOCHEMISTRY (Record no. 8770)

MARC details
000 -LEADER
fixed length control field 00340nam a22001577a 4500
003 - CONTROL NUMBER IDENTIFIER
control field SGT
020 ## - INTERNATIONAL STANDARD BOOK NUMBER
International Standard Book Number 97881-239-2574-5
082 ## - DEWEY DECIMAL CLASSIFICATION NUMBER
Classification number 612.015
Item number P14S
100 ## - MAIN ENTRY--PERSONAL NAME
Personal name SINGH,S.P
245 ## - TITLE STATEMENT
Title PRACTICAL MANUAL OF BIOCHEMISTRY
250 ## - EDITION STATEMENT
Edition statement 7TH
260 ## - PUBLICATION, DISTRIBUTION, ETC. (IMPRINT)
Place of publication, distribution, etc DELHI
Name of publisher, distributor, etc CBS PUB
Year of Publication 2014
300 ## - PAGE DESCRIPTION
No. of Pages 415
650 ## - SUBJECT ADDED ENTRY--TOPICAL TERM
Topical term or geographic name as entry element BIOCHEMISTRY
942 ## - ADDED ENTRY ELEMENTS (KOHA)
Source of classification or shelving scheme Dewey Decimal Classification
Koha item type Books
942 ## - ADDED ENTRY ELEMENTS (KOHA)
-- 2
Holdings
Withdrawn status Lost status Source of classification or shelving scheme Damaged status Not for loan Collection code Home library Current library Shelving location Date acquired Vendor Name Cost, normal purchase price SGTU Bill Number Total Checkouts Full call number Accession No. (Barcode) Date last seen Date last borrowed Bill Date Koha item type
    Dewey Decimal Classification     PHARMACY SGT FA-FP Library SGT FA-FP Library Text Book 07/04/2016 AHUJA 375.00 SGTU 6742 11 612.015 P14S FP1761 04/04/2025 04/04/2025 16/03/2016 Books
    Dewey Decimal Classification     PHARMACY SGT FA-FP Library SGT FA-FP Library Reference Book 07/04/2016 AHUJA 375.00 SGTU 6742   612.015 P14S FP1762 07/04/2016   16/03/2016 Books
    Dewey Decimal Classification     PHARMACY SGT FA-FP Library SGT FA-FP Library Text Book 07/04/2016 AHUJA 375.00 SGTU 6742 5 612.015 P14S FP1763 21/04/2018 20/04/2018 16/03/2016 Books
    Dewey Decimal Classification     PHARMACY SGT FA-FP Library SGT FA-FP Library Text Book 07/04/2016 AHUJA 375.00 SGTU 6742 9 612.015 P14S FP1764 19/04/2018 19/04/2018 16/03/2016 Books
    Dewey Decimal Classification     PHARMACY SGT FA-FP Library SGT FA-FP Library Text Book 07/04/2016 AHUJA 375.00 SGTU 6742 9 612.015 P14S FP1765 15/09/2022 15/09/2022 16/03/2016 Books